| 000 | 00404nam a2200169Ia 4500 | ||
|---|---|---|---|
| 008 | 210210b1961 xxu||||| |||| 00| 0 eng d | ||
| 041 | _aeng | ||
| 082 | _a519/79 | ||
| 100 | _aMAXWELL (E H) | ||
| 245 | _aFallacies in mathematics | ||
| 260 |
_aCambridge _bAt the University Press _c1961 |
||
| 650 | _amathematics | ||
| 650 | _ain | ||
| 650 | _aFallacies | ||
| 690 | _aMathematics | ||
| 906 | _a007940 | ||
| 999 |
_c140796 _d140796 |
||